Seguridad ciudadana y derecho penal

Guardat en:
Dades bibliogràfiques
Autor principal: Jimenéz Díaz, María José (Autor)
Format: Llibre
Idioma:espanyol
Publicat: Madrid Dykinson 2006
Col·lecció:Ensayos Penales, 6
Matèries:
Etiquetes: Afegir etiqueta
Sense etiquetes, Sigues el primer a etiquetar aquest registre!

MARC

LEADER 00000nam a2200000 a 4500
001 UCJ1110
003 CL-VaPUC
008 060929e20060000SP |||||||||||||||||spa|d
020 |a 8497728017 
082 0 4 |a 351.75  |b JIM  |2 21 
100 0 |a Jimenéz Díaz, María José  |e author  |9 501649 
245 1 0 |a Seguridad ciudadana y derecho penal 
300 |a 162 p 
942 |c BK 
945 |d 20060929 00:00:00  |a jtorresc 
260 |a Madrid  |b Dykinson  |c 2006 
500 |a www.dykinson.es 
650 0 |a Seguridad ciudadana   |9 392290 
650 0 |a Seguridad pública   |9 403833 
650 0 |a Orden público  |9 368427 
650 0 |a Delincuencia  |9 335739 
650 7 |a DERECHO PENAL  |2 CL-VaPUC  |9 11 
583 |a last modification  |c 20060929 00:00:00  |k Rodrigo Vera 
490 0 |a Ensayos Penales, 6 
999 |c 317823  |d 317821 
952 |0 0  |1 0  |4 0  |6 351_750000000000000_JIM_2006  |7 0  |8 A  |9 394797  |a BIBDER  |b BIBDER  |d 2019-11-22  |i 4280911  |o 351.75 JIM 2006  |p 4280911  |r 2023-01-25  |w 2019-11-22  |y BK  |k DER